<?xml version="1.0" encoding="UTF-8"?>
<collection xmlns="http://www.loc.gov/MARC21/slim">
<record>
  <controlfield tag="001">2035</controlfield>
  <controlfield tag="005">20160701171657.0</controlfield>
  <datafield tag="037" ind1=" " ind2=" ">
    <subfield code="a">ASTROimport-192</subfield>
  </datafield>
  <datafield tag="100" ind1=" " ind2=" ">
    <subfield code="a">Aerts, C.</subfield>
  </datafield>
  <datafield tag="260" ind1=" " ind2=" ">
    <subfield code="c">2006</subfield>
  </datafield>
  <datafield tag="245" ind1=" " ind2=" ">
    <subfield code="a">Pulsating B Stars Discovered by HIPPARCOS</subfield>
  </datafield>
  <datafield tag="520" ind1=" " ind2=" ">
    <subfield code="a">We present a classification of 267 new variable B-type stars discovered by Hipparcos, which results in, among others, a huge number of new Slowly Pulsating B stars and several supergiants with ? Cyg-type variations. Our results clearly point out the bias towards short-period variables of earlier, ground-based surveys of variable stars. The position of the new beta Cephei stars and Slowly Pulsating B stars in the HR diagram is compared with the most recent calculations of the instability strips. The new Slowly Pulsating B stars almost fully cover the theoretical instability domain. The supergiants with ? Cyg-type variations are situated between the ? Cephei stars and the Slowly Pulsating B stars, on the one hand and, previously known supergiants that exhibit micro-variations on the other hand. Finally, we introduce the follow-up study of the most interesting targets that we have started in the course of 1996 and that is still ongoing. </subfield>
  </datafield>
  <datafield tag="700" ind1=" " ind2=" ">
    <subfield code="a"> Waelkens, C.</subfield>
  </datafield>
  <datafield tag="700" ind1=" " ind2=" ">
    <subfield code="a"> De Cat, P.</subfield>
  </datafield>
  <datafield tag="700" ind1=" " ind2=" ">
    <subfield code="a"> Kolenberg, K.</subfield>
  </datafield>
  <datafield tag="700" ind1=" " ind2=" ">
    <subfield code="a"> Kestens, E.</subfield>
  </datafield>
  <datafield tag="700" ind1=" " ind2=" ">
    <subfield code="a"> Grenon, M.</subfield>
  </datafield>
  <datafield tag="700" ind1=" " ind2=" ">
    <subfield code="a"> Eyer, L.</subfield>
  </datafield>
  <datafield tag="773" ind1=" " ind2=" ">
    <subfield code="p">Journal of the American Association of Variable Star Observers (JAAVSO)</subfield>
    <subfield code="v">35</subfield>
    <subfield code="y">2006</subfield>
    <subfield code="c">58</subfield>
  </datafield>
  <datafield tag="856" ind1="4" ind2="2">
    <subfield code="a">http://esoads.eso.org/abs/2006JAVSO..35...58A</subfield>
  </datafield>
  <datafield tag="905" ind1=" " ind2=" ">
    <subfield code="a">published in</subfield>
  </datafield>
  <datafield tag="980" ind1=" " ind2=" ">
    <subfield code="a">REFERD</subfield>
  </datafield>
</record>
</collection>